000 00877cam a2200253 a 4500
008
020 _a9781857881226 (pbk.)
040 _aMAIN
_cNUST
090 0 0 _aBF637
_bNLP
245 0 0 _aNLP :
_bthe new technology of achievement /
_cNLP Comprehensive Training Team ; edited by Steve Andreas and Charles Faulkner ; contributing authors, Steve Andreas ... [et al.].
260 _aLondon :
_bNicholas Brealy,
_cc1994.
300 _a354 p. :
_bill. ;
_c21 cm.
500 _aIncludes index.
504 _aIncludes bibliographical references.
650 0 _aNeurolinguistic programming.
700 1 _aAndreas, Steve.
700 1 _aFaulkner, Charles.
710 2 _aNLP Comprehensive (Organization)
907 _a.b10390960
_b14-05-18
_c07-05-18
003
005 20230123141110.0
049 _aMAIN
942 _cBOOKS
_kBF637
_mNLP
999 _c167667
_d167667